000 00461nam a2200169 4500
001 112065
003 ES-MaACL
005 20230906185427.0
007 t|
008 061121s1941 mx r ||||1| spa d
100 1 _aNicol, Eduardo.
_985551
245 1 0 _aPsicología de las situaciones vitales /
_cEduardo Nicol.
250 _a1ª ed.
260 _aMéxico :
_bEl Colegio,
_c1941.
300 _aXXV, 211 p. ;
_c21 cm.
852 _aES-MaACL
_jD-6038
_bR.30386
999 _c112065
_d112065